000 00655nam a2200181Ia 4500
008 151202s9999||||xx |||||||||||||| ||und||
082 _bPNVM-32899
100 _aआपटे ह.ना.
245 _aयशवंतराव खरे आवृत्ती 4 थी.
260 _b"आर्यभूषण मुद्रणालय,पुणे."
260 _c0
300 _a450
600 _aआपटे ह.ना.
630 _aयशवंतराव खरे आवृत्ती 4 थी.
700 _aआपटे ह.ना.
730 _aयशवंतराव खरे आवृत्ती 4 थी.
942 _cBOOK
999 _c1298860
_d1298857